000 00547nam a22002177a 4500
003 UA-OsUOA
001 35900
007 ta
008 20060630b un ||||| |||| 00| 0 ukr d
090 _a030
_bЕ64
942 _cBK
040 _aUA-OsUOA
_bukr
_cUA-OsUOA
_dUA-OsUOA
245 _aЕнциклопедія Сучасної України
_bТ. 2
_cБ-Біо
300 _a871 с.
955 _a1
041 _aukr
080 _a030
260 _aК.
_c2003
650 7 _a030 Загальні довідкові праці
_2UDC
999 _c424164
_d424164